00533nam a22001577a 450000500170000002000220001703500130003903700130005210000260006524500500009126000510014130000220019294200260021499900170024095201180025720120501120046.0 a8176480762c00.00 aA-991600 aDPLbENG aPachauri, S.K.946092 aChildren and human rights /cby S.K. Pachauri aNew DelhibA.P.H. Publishing Corporationc1999 av, 261p.c20 cms. 2ddccENh323.352mPAC c65868d65868 001040708NFICaZLSbZLSd2012-05-01g0.00l0o323.352 PACpA-991600r2012-05-01 00:00:00v0.00w2012-05-01yEN